The book your pastor wishes you would read : (Record no. 9245)

MARC details
000 -LEADER
fixed length control field 00590nam a22001937a 4500
003 - CONTROL NUMBER IDENTIFIER
control field GBCCL
005 - DATE AND TIME OF LATEST TRANSACTION
control field 20241126110708.0
008 - FIXED-LENGTH DATA ELEMENTS--GENERAL INFORMATION
fixed length control field 220620b ||||| |||| 00| 0 eng d
020 ## - INTERNATIONAL STANDARD BOOK NUMBER
International Standard Book Number 1784983632
020 ## - INTERNATIONAL STANDARD BOOK NUMBER
International Standard Book Number 9781784983635
040 ## - CATALOGING SOURCE
Transcribing agency gbc
082 ## - DEWEY DECIMAL CLASSIFICATION NUMBER
Classification number 253
Item number ASH
100 ## - MAIN ENTRY--PERSONAL NAME
Personal name Ash, Christopher
9 (RLIN) 16075
245 ## - TITLE STATEMENT
Title The book your pastor wishes you would read :
Remainder of title (but is too embarrassed to ask) /
Statement of responsibility, etc. Christopher Ash
260 ## - PUBLICATION, DISTRIBUTION, ETC.
Place of publication, distribution, etc. [Place of publication not identified]
Name of publisher, distributor, etc. The Good Book Company,
Date of publication, distribution, etc. 2019.
300 ## - PHYSICAL DESCRIPTION
Extent 126 pages :
Other physical details 18 cm.
650 ## - SUBJECT ADDED ENTRY--TOPICAL TERM
Topical term or geographic name entry element Clergy
9 (RLIN) 4397
942 ## - ADDED ENTRY ELEMENTS (KOHA)
Source of classification or shelving scheme Dewey Decimal Classification
Koha item type Books
Koha issues (borrowed), all copies 1
Holdings
Withdrawn status Lost status Source of classification or shelving scheme Damaged status Not for loan Home library Current Library Shelving location Date acquired Total checkouts Full call number Barcode Date last seen Date last checked out Copy number Price effective from Koha item type
    Dewey Decimal Classification     GRACE BIBLE COLLEGE GRACE BIBLE COLLEGE Ministry & Mission 2022-06-20 1 253 ASH 015689 2025-05-01 2022-08-19 c.1 2022-06-20 Books
© Grace Bible College Library 2025